| 000 | 00379nam a2200121Ia 4500 | ||
|---|---|---|---|
| 008 | 160609s9999 xx 000 0 und d | ||
| 100 | _aDerakhshani, Dariush. | ||
| 245 | _aIntroducing Autodesk Maya 2016: Autodesk Official Press | ||
| 245 | _cBy:Dariush Derakhshani | ||
| 260 | _c2016 | ||
| 650 | _x3D MODELING | ||
| 856 | _uhttp://file.ebook777.com/004/IntAutMay201AutOffPre.rar | ||
| 999 |
_c295719 _d295719 |
||